000 00998nam a2200277 a 4500
001 19623
003 BD-RjUL
005 20211209000445.0
008 140225s1965 enk b 000 1 eng d
035 _a(BD-RjUL)19683
040 _aDLC
_cSJD
_dSER
_dBD-RjUL
_beng
041 _aeng
082 0 4 _a823.02
_bMOM 1965
100 1 _aMoore, John,
_d1729-1802.
_960290
245 1 0 _aMordaunt :
_bsketches of life, characters, and manners in various countries; including the memoirs of a French lady of quality /
_cJohn Moore ; edited with an introduction by W.L. Renwick.
260 _aLondon :
_bOxford University Press,
_c1965.
300 _axviii, [iv], 508 p. ;
_c21 cm.
504 _aIncludes bibliography.
650 0 _aEnglish fiction
_y18th century.
_955394
651 0 _aRoman canadien.
_960291
700 1 _aRenwick, W. L.
_q(William Lindsay),
_d1889-1970 .
_954377
830 0 _aOxford English novels
_960267
942 _2ddc
_cBK
999 _c19623
_d19623